| 000 | 00571cam a2200205 4500500 | ||
|---|---|---|---|
| 005 | 20260405002346.0 | ||
| 041 | _afre | ||
| 042 | _adc | ||
| 100 | 1 | 0 |
_aPortevin, Catherine _eauthor |
| 245 | 0 | 0 | _aDécadence |
| 260 | _c2017. | ||
| 500 | _a62 | ||
| 690 | _aHitler | ||
| 690 | _aMichel Onfray | ||
| 690 | _aOccident | ||
| 690 | _aReligion | ||
| 690 | _aRousseau | ||
| 786 | 0 | _nPhilosophie magazine | 106 | 2 | 2017-02-01 | p. 54-55 | 1951-1787 | |
| 856 | 4 | 1 | _uhttps://shs.cairn.info/magazine-philosophie-magazine-2017-2-page-54?lang=fr&redirect-ssocas=7080 |
| 999 |
_c2056974 _d2056974 |
||